| 000 -LEADER |
| fixed length control field |
00434nam a22001577a 4500 |
| 003 - CONTROL NUMBER IDENTIFIER |
| control field |
OSt |
| 008 - FIXED-LENGTH DATA ELEMENTS--GENERAL INFORMATION |
| fixed length control field |
150407b xxu||||| |||| 00| 0 eng d |
| 020 ## - INTERNATIONAL STANDARD BOOK NUMBER |
| International Standard Book Number |
0-911989-12-9 |
| 041 ## - LANGUAGE CODE |
| Language code of text/sound track or separate title |
eng |
| 050 00 - LIBRARY OF CONGRESS CALL NUMBER |
| Classification number |
83-061747 |
| 100 1# - MAIN ENTRY--PERSONAL NAME |
| Personal name |
Brian M. Green |
| 245 10 - TITLE STATEMENT |
| Title |
The Confederate States two-cent Red-Jack intaglio stamp |
| 246 10 - VARYING FORM OF TITLE |
| Title proper/short title |
the postage stamp and its postal history |
| 260 ## - PUBLICATION, DISTRIBUTION, ETC. (IMPRINT) |
| Place of publication, distribution, etc. |
New York |
| Name of publisher, distributor, etc. |
The Philatelic Foundation |
| 300 ## - PHYSICAL DESCRIPTION |
| Extent |
0 pages |